LEADER 01570nas 2200445- 450 001 996360042503316 005 20220118213020.0 011 $a2676-7511 035 $a(OCoLC)1202536641 035 $a(CKB)4100000011478531 035 $a(CONSER)--2021242287 035 $a(EXLCZ)994100000011478531 100 $a20201011a20129999 s-- - 101 0 $aper 135 $aur|n||||||||| 181 $ctxt$2rdacontent 182 $cc$2rdamedia 183 $acr$2rdacarrier 200 00$aPizh?hish va nig?rish-i kutub-i d?nishg?h? 210 1$aTihr?n :$cS?zm?n-i Mu??la?ah va Tadv?n-i Kutub-i ?Ul?m-i Ins?n?-i D?nishg?h?h?,$d[2012]- 215 $a1 online resource 300 $aRefereed/Peer-reviewed 311 $a2676-7503 517 1 $aD??fa?ln?mah-i ?ilm? pizh?hish?-i pizh?hish va nig?rish-i kutub-i d?nishg?h? 517 1 $aUniversity textbooks, research and writing 606 $aTextbooks$vPeriodicals 606 $aTextbooks$xAuthorship$vPeriodicals 606 $aTextbooks$xAuthorship$2fast$3(OCoLC)fst01148538 606 $aTextbooks$2fast$3(OCoLC)fst01148536 608 $aPeriodicals.$2fast 608 $aPeriodicals.$2lcgft 615 0$aTextbooks 615 0$aTextbooks$xAuthorship 615 7$aTextbooks$xAuthorship. 615 7$aTextbooks. 712 02$aS?zm?n-i Mu??la?ah va Tadv?n-i Kutub-i ?Ul?m-i Ins?n?-i D?nishg?h?h? (Iran), 906 $aJOURNAL 912 $a996360042503316 996 $aPizh?hish va nig?rish-i kutub-i d?nishg?h?$92558186 997 $aUNISA